| 000 | 00555nam a2200121Ia 4500 | ||
|---|---|---|---|
| 008 | 171212s9999 xx 000 0 und d | ||
| 020 | _a9780833088598 | ||
| 100 | _aMorral, Andrew R.;Gore, Kristie L.;Schell, Terry L. | ||
| 245 |
_cMorral, Andrew R.;Gore, Kristie L.;Schell, Terry L. _aSexual Assault and Sexual Harassment in the U.S. Military _bTop-Line Estimates for Active-Duty Service Members from the 2014 RAND Military Workplace Study |
||
| 260 |
_bRAND Corporation _c2014 |
||
| 650 | _aLaw | ||
| 856 | _uhttp://www.jstor.org/stable/10.7249/j.ctt14bs2rk | ||
| 999 |
_c352530 _d352530 |
||